000 00514nam a22002057a 4500
003 OSt
005 20240913141657.0
008 240913b |||||||| |||| 00| 0 eng d
020 _a0750622091
040 _cMUST
100 _aChristopher Martin
_95999
245 _aMarketing Logistics
260 _aLondon
_bElsevier
_cc1997
300 _avii,162p. ;
_bill.
_c24cm.
440 _aMarketing Logisics
_919127
500 _aIndex
600 _2Marketing
700 _aMartin Christopher
_96000
942 _2ddc
_cBOOK
999 _c9372
_d9372